| 000 | 00590nam a2200181 a 4500 | ||
|---|---|---|---|
| 001 | 000007558 | ||
| 005 | 20200929154219.0 | ||
| 008 | 090909s1995 dr 001 0 spa d | ||
| 040 | _aDO-SdBNP | ||
| 082 |
_a923.5 _bM538p |
||
| 100 | 1 |
_aMéndez Capellán, Víctor _d1928 _920981 |
|
| 245 | 1 | 0 |
_aPensamientos de Víctor Méndez Capellán / _cVíctor Méndez Capellán. |
| 260 |
_aSanto Domingo, : _bCorripio, _c1995. |
||
| 300 |
_a42 p. ; _c23 cm. |
||
| 500 | _aIncluye datos biográficos en la contraportada | ||
| 600 | 1 | 4 |
_aMéndez Capellán, Víctor _d1928 _xfilosofía _920982 |
| 049 | _aBNPD | ||
| 999 |
_c7339 _d7339 |
||